Online
Catalog

Leopoldo Marechal / (Record no. 2589)

MARC details
000 -CABECERA
campo de control de longitud fija 00615cam a2200193 a 4500
001 - NÚMERO DE CONTROL
campo de control 000002755
005 - FECHA Y HORA DE LA ÚLTIMA TRANSACCIÓN
campo de control 20200929150242.0
008 - DATOS DE LONGITUD FIJA--INFORMACIÓN GENERAL
campo de control de longitud fija 940111s1991 ag 001 p spa
040 ## - FUENTE DE LA CATALOGACIÓN
Centro catalogador/agencia de origen DO-SdBNP
Centro/agencia transcriptor DLC
082 ## - NÚMERO DE LA CLASIFICACIÓN DECIMAL DEWEY
Número de clasificación A861.6
Número de documento/Ítem S774l
100 1# - ENTRADA PRINCIPAL--NOMBRE DE PERSONA
Nombre de persona Squirru, Rafael F.
Fechas asociadas al nombre 1925-
9 (RLIN) 8680
245 10 - MENCIÓN DE TÍTULO
Título Leopoldo Marechal /
Mención de responsabilidad, etc. Rafael F. Squirru.
260 ## - PUBLICACIÓN, DISTRIBUCIÓN, ETC.
Lugar de publicación, distribución, etc. Buenos Aires :
Nombre del editor, distribuidor, etc. Ediciones Culturales Argentinas,
Fecha de publicación, distribución, etc. 1991.
300 ## - DESCRIPCIÓN FÍSICA
Extensión 102 p. ;
Dimensiones 23 cm.
650 #4 - PUNTO DE ACCESO ADICIONAL DE MATERIA--TÉRMINO DE MATERIA
Término de materia o nombre geográfico como elemento de entrada Poesía argentina
9 (RLIN) 3859
650 #4 - PUNTO DE ACCESO ADICIONAL DE MATERIA--TÉRMINO DE MATERIA
Término de materia o nombre geográfico como elemento de entrada Literatura argentina
9 (RLIN) 3860
600 14 - PUNTO DE ACCESO ADICIONAL DE MATERIA--NOMBRE DE PERSONA
Nombre de persona MARECHAL, LEOPOLDO
Fechas asociadas al nombre 1900-1970
Subdivisión general POESÍA
9 (RLIN) 8681
910 ## - DATOS DE OPCIÓN DEL USUARIO (OCLC)
Datos de opción del usuario Catalogación por copia / LC
Holdings
Estado de retiro Estado de pérdida Restricciones de uso No para préstamo Código de colección Localización permanente Ubicación/localización actual Ubicación en estantería Fecha de adquisición Número de inventario Total de préstamos Signatura topográfica completa Código de barras Fecha visto por última vez Precio válido a partir de Tipo de ítem Koha
    Préstamo interno   Monografías: Libros y Folletos General General En catalogación 17.07.2009 LF1   A861.6 S774l 2755-10 25.06.2020 25.06.2020 Préstamo interno
        Monografías: Libros y Folletos General General Orden iniciada 03.05.2017 LF1   A861.6 S774l 2755-40 25.06.2020 25.06.2020 No se presta
        Monografías: Libros y Folletos Patrimonio Dominicano Patrimonio Dominicano Orden iniciada 03.05.2017 LF1   A861.6 S774l 2755-20 25.06.2020 25.06.2020 No se presta
        Monografías: Libros y Folletos Patrimonio Dominicano Patrimonio Dominicano Orden iniciada 03.05.2017 LF1   A861.6 S774l 2755-30 25.06.2020 25.06.2020 No se presta

Powered by Koha